000 00334nam a22001457a 4500
008 221208b ||||| |||| 00| 0 eng d
020 _a9780321922342
041 _aeng
080 _2THIRD EDITION
_a51
082 _a51BIT
100 _a20.1
101 _aMATE
245 _aBASIC COLLEGE MATHEMATICS
_cBITTINGER
942 _2udc
_cBK
999 _c59135
_d59135